000 00301nam a22001337a 4500
008 181224b xxu||||| |||| 00| 0 eng d
020 _a9780256087444
041 _aeng
080 _23 TH
_a341
100 _a16
101 _aJUR
245 _aLaw Bussiness And Society
_cTony.M
942 _2udc
_cBK
999 _c53734
_d53734